| 000 | 01097cam a22002658i 4500 | ||
|---|---|---|---|
| 003 | OSt | ||
| 005 | 20260306185440.0 | ||
| 008 | 231221s2024 enk b 001 0 eng | ||
| 020 |
_a9781032708515 _q(hardback) |
||
| 020 |
_a9781032708546 _q(paperback) |
||
| 020 |
_z9781032708577 _q(ebook) |
||
| 035 | _a23469885 | ||
| 040 |
_aKABLIB _beng _erda _cKABLIB |
||
| 082 | 0 | 0 |
_a338.92 _223 _bATI |
| 100 | 1 |
_aAtici, Cemal, _eauthor. _915644 |
|
| 245 | 1 | 0 |
_aSustainable development and international food trade policies / _cCemal Atici. |
| 260 |
_aAbingdon, Oxon ; _aNew York, NY : _bRoutledge, _cc2024. |
||
| 300 |
_ax, 101 p. : _bill. ; _c19 cm. |
||
| 490 | 0 | _aRoutledge studies in agricultural economics | |
| 504 | _aIncludes bibliographical references, index. | ||
| 650 | 0 |
_aSustainable development _zDeveloping countries. _915201 |
|
| 650 | 0 |
_aNutrition policy _zDeveloping countries. _915645 |
|
| 776 | 0 | 8 |
_iOnline version: _aAtici, Cemal. _tSustainable development and international food trade policies _dAbingdon, Oxon ; New York, NY : Routledge, 2024 _z9781032708577 _w(DLC) 2023055590 |
| 942 |
_2ddc _cBOOK |
||
| 999 |
_c6161 _d6161 |
||